Sortilèges et Incantations Harry Potter - Statistiques

Statistiques générales
  • Ce quiz a été pris 1 714 fois
    1 694 depuis la dernière actualisation
  • Le résultat moyen est 29 sur 70
Statistiques - réponses
Effet produit Sortilèges % Correct
Offre la mort Avada Kedavra
92%
Inflige de la torture à l'être visé Endoloris
88%
Émet une lumière à l'embout de la baguette Lumos
83%
Déverouille une porte Alohomora
82%
Désarme l'adversaire Expelliarmus
81%
Permet de stupéfier l'adversaire Stupéfix
81%
Attire un objet Accio
78%
Pétrifie l'adversaire Petrificus Totalus
77%
Permet de faire léviter un objet Wingardium Leviosa
76%
Permet de prendre le contrôle sur une personne Impero
75%
Permet de se protéger Protego
74%
Fait apparaître un patronus Expecto Patronum
73%
Permet d'éteindre la lumière émise au bout de la baguette Nox
70%
Permet de réparer un objet Reparo
70%
Fait sortir un jet d'eau Aguamenti
63%
Permet de réduire l'objet pointé Reducto
63%
À utiliser sur un épouvantard Riddikulus
63%
Inflige des grosses blessures et des coupures à l'adversaire Sectumsempra
62%
Sortilège d'amnésie Oubliettes
61%
Permet de bombarder l'objet visé Bombarda
58%
Fait apparaître du feu Incendio
58%
Permet de révéler ce qui a été dissimulé par un sortilège Revelio
50%
Permet de voir dans la penser, et de pénétrer dans l'esprit de la personne visée Legilimens
49%
Augmente la taille d'un objet Amplificatum
48%
Permet de faire apparaître un serpent Serpensortia
48%
Permet d'envoyer une personne en hauteur / Permet d'attacher quelqu'un par les chevilles en hauteur Levicorpus
45%
Ordonne à des oiseaux ( créés au préalable ) de foncer dans une direction souhaitée Oppugno
43%
Permet de s'arrêter momentanément Arresto Momentum
42%
Neutralise certains sortilèges Finite
42%
Permet d'immobiliser une personne (ou créature) en mouvement Immobilus
41%
Confuse la personne visée Confundo
40%
" Tu vas le payer cher Malefoy ... " Crache-limaces
40%
Invoque la marque des ténèbres dans le ciel ( fréquemment utilisée par les Mangemorts ) Morsmordre
40%
Chatouille l'adversaire Rictusempra
40%
Permet d'animer des statues Piertotum Locomotor
39%
Soigne des blessures mineures Episkey
38%
Permet de nettoyer quelque chose rapidemment Recurvite
34%
Augmente considérablement la voix Sonorus
34%
Fait apparaître des oiseaux Avis
32%
Permet de bloquer la langue de quelqu'un Bloclang
32%
Permet de verrouiller une porte Collaporta
32%
Fait sortir une corde pour étrangler l'ennemi, voire le tuer Incarcerem
32%
Permet à la baguette d'émettre une lumière semblable au soleil Lumus Solem
31%
Neutralise tout les sortilèges dans un même lieu Finite Incantatem
30%
Rend la voix de la personne ciblée inaudible Silencio
28%
Émet une explosion Confringo
26%
Permet de couper n'importe quoi Diffindo
26%
Change l'objet visé, en pierre Duro
25%
Destiné à affaiblir les arachnides Arania Exumai
24%
Repousse un objet ( contraire au sortilège d'attraction ) Expulso
24%
Émet d'énormes flammes destructrices Feudeymon
24%
Sert à faire lâcher une corde, une chaîne, à laquelle quelque chose est rattachée Lashlabask
24%
Révèle la présence d'un ou plusieurs humains, si présent(s) Hominum Revelio
23%
Arrête/Ralentit l'individu/l'objet Impedimenta
22%
Sortilège de détresse, qui émet un petit feu d'artifice rouge Periculum
18%
Permet d'indiquer le nord Pointe au Nord
18%
Ouvre un passage secret près de Honey Dukes Dissendium
16%
Permet de brûler un serpent Vipera Evanesca
16%
Renferme les plaies profondes Vulnera Sanentur
16%
Formule inventée par Gilderoy Lockhart, destinée à immobiliser des lutins de Cornouailles ( sortilège inefficace ) Mutinlutin Malinpesti
15%
Permet de s'élever à une hauteur considérable Ascendio
12%
Fait perdre le contrôle des jambes de la personne visée Jambencoton
11%
Permet à mettre le feu à un objet Lacarnum Inflamare
10%
Permet d'ouvrir un coffre (brutalement) Cistem Aperio
8%
Projette l'adversaire en arrière Everte Statum
8%
" Je m'en occupe, professeur Rogue ... " Volate Ascendere
7%
Révèle les écritures invisibles Aparecium
6%
Permet de créer un brouillard Nebulus
5%
Révèle les derniers sorts utilisés d'une baguette Prior Incantato
4%
Sortilège d'ultra-protection, toutes les personnes qui franchissent cette protection, meurent Protego Maxima Fianto Duri Repello Inimicum
4%
Aucun quiz correspondant
Distribution des résultats
% des personnes avec chaque résultat
Percentile par nombre de réponses
Votre historique - résultats
Vous n’avez pas pris ce quiz depuis la dernière actualisation